LEADER 05390nam 2200685Ia 450 001 9910452120403321 005 20200520144314.0 010 $a0-8166-5441-7 035 $a(CKB)1000000000481117 035 $a(EBL)322594 035 $a(OCoLC)476120188 035 $a(SSID)ssj0000176535 035 $a(PQKBManifestationID)11922898 035 $a(PQKBTitleCode)TC0000176535 035 $a(PQKBWorkID)10206403 035 $a(PQKB)10274221 035 $a(MiAaPQ)EBC322594 035 $a(OCoLC)182856722 035 $a(MdBmJHUP)muse39307 035 $a(Au-PeEL)EBL322594 035 $a(CaPaEBR)ebr10202554 035 $a(CaONFJC)MIL523098 035 $a(EXLCZ)991000000000481117 100 $a20060524d2007 ub 0 101 0 $aeng 135 $aur|n|---||||| 181 $ctxt 182 $cc 183 $acr 200 10$aImages of bliss$b[electronic resource] $eejaculation, masculinity, meaning /$fMurat Aydemir 210 $aMinneapolis, MN ;$aLondon $cUniversity of Minnesota Press$d2007 215 $a1 online resource (362 p.) 300 $aDescription based upon print version of record. 311 $a0-8166-4867-0 311 $a0-8166-4866-2 320 $aIncludes bibliographical references and index. 327 $a9. Dissimulating the Supreme Spasm: Derrida -- Trance: Lucky Word: Masculinity: Desire and Hysteria: Supreme Spasm : Semen as Pharmakon: Singular Plural: The Sperm's Tail as Supplement: Closing Opening -- 10. Anxiety and Intimacy of Expenditure: Bataille -- Hostile Expenditures between Men: Globular Droplets: Male Guinea Pigs: Intimacy of Expenditure: The Eye of the Story: Draining Masculinity: Concepts of Ejaculation -- Part V. Literature -- 11. Misplaced Thigh: Proust -- Beginnings: Adam's Rib: Jupiter's Thigh: From Wet Dream to Bad Dream -- 12. Gossamer Thread -- "Gosh, gosh, gosh, gosh!": Natural Trail: Solitary Pleasure: Gaze: The Lilac: Silvery Trace -- 13. A Few Drops That Express All -- Adolphe: Norpois: Men in Cubicles: Behind the Curtain with Swann: Re-searching Masculinity -- Epilogue: Forcing the Issue -- Color: Scale: Plane: Temporality: Part/Whole: Opposition/Entanglement: Conception/Inconceivable: Imminent/Immanent: Graphic. 327 $aThe Specter Haunting Male Morphology: Othering the Body: A Comedy: The Deictic Veil and the Phallus/Penis: Every Temptation: Smile and Breast: Double-Crossing Gender -- Part III. Pornography -- 5. Significant Discharge: The Cum Shot and Narrativity -- Introducing the Cum Shot: Justine: "I can't believe you just came": The Climax of Involuntary Spasm: "I was not finished": Return and Repetition -- 6. Levering Ejaculation -- Porn as Opera or Musical: Va(s)cillation: Abjection: Staining the Image: Hand: "Lass es gehen": Coda: Female Ejaculation -- 7. "Now Take One of Me As I Come": Pornographic Realities -- Hard Core: Mundane Details: Reality-Effect: Sexual Theatrics: The Meaning of Moustaches: Verisimilitude: Bazzo's Escape -- Part IV. Theory -- 8. The Suspense and Suspension of Bliss: Barthes -- Connoisseur: Taking One's Pleasure: Being Taken by Bliss: The Certain Body: From Suspense to Suspension: Tumbling or Freezing Narrative: Upstaging the Father: Wandering Seeds 327 $aIntroduction -- Part I. History, Art -- 1. Semen, Blood, Stars, and Ice: Serrano and Aristotle -- Blood: Squigglies and Claret: "As it were a deformed male": Why Semen Matters More: The Illustrated Aristotle, Part I: Stars: Inconceivable: Soiled White: Bataille: Graphic White: Derrida: Baroque White: Bal: The Illustrated Aristotle, Part II: Ice: The Illustrated Aristotle, Part III -- Part II. Psychoanalysis -- 2. Image of the Vital Flow: Lacan -- Noeud/Nous: The Name of the Phallus: The Story's Set-up: Graphic Concatenation: When Phallus Meets Signifiable: Bastard Offspring: The Magician and the Veil: Shame as Awkward Self-Reflexivity -- 3. Anamorphosis: Metamorphosis: Ambassadors -- Delicious Game: Cool Men: Twin Ambassadors: Spot the Differences: Embarrassing Embrasse: Man in Black: Melancholia and Empire -- 4. The Parting Veil: Angel in the Flesh 330 $aAristotle believed semen to be the purest of all bodily secretions, a vehicle for the spirit or psyche that gives form to substance. For Proust's narrator in Swann's Way, waking to find he has experienced a nocturnal emission, it is the product of "some misplacing of my thigh." The heavy metal band Metallica used it to adorn an album cover. Beyond its biological function, semen has been applied with surprising frequency to metaphorical and narratological purposes. In Images of Bliss, Murat Aydemir undertakes an original and extensive analysis of images of male orgasm and semen. In a series of 606 $aGenerative organs, Male$xPhilosophy 606 $aHuman reproduction$xPhilosophy 606 $aEjaculation$xPhilosophy 606 $aPenis$xPhilosophy 606 $aMasculinity 608 $aElectronic books. 615 0$aGenerative organs, Male$xPhilosophy. 615 0$aHuman reproduction$xPhilosophy. 615 0$aEjaculation$xPhilosophy. 615 0$aPenis$xPhilosophy. 615 0$aMasculinity. 676 $a612.61 700 $aAydemir$b Murat$0914003 801 0$bMiAaPQ 801 1$bMiAaPQ 801 2$bMiAaPQ 906 $aBOOK 912 $a9910452120403321 996 $aImages of bliss$92047755 997 $aUNINA LEADER 04393 am 2200985 n 450 001 9910574880403321 005 20220615 010 $a84-9096-365-7 035 $a(CKB)4100000012877415 035 $a(FrMaCLE)OB-cvz-31511 035 $a(oapen)https://directory.doabooks.org/handle/20.500.12854/87379 035 $a(PPN)263750914 035 $a(EXLCZ)994100000012877415 100 $a20220615j|||||||| ||| 0 101 0 $afre 135 $auu||||||m|||| 181 $ctxt$2rdacontent 182 $cc$2rdamedia 183 $acr$2rdacarrier 200 13$aLe détroit de Gibraltar (Antiquité - Moyen Âge). II $eEspaces et figures de pouvoir /$fGwladys Bernard, Aurélien Montel 210 $aMadrid $cCasa de Velázquez$d2022 215 $a1 online resource (XX-376 p.) 225 1 $aCollection de la Casa de Velázquez 311 $a84-9096-364-9 330 $aLe détroit de Gibraltar est le produit d?une longue construction historique, comme en témoignent ses appellations successives, du détroit de Gadès à la « montagne de Tariq ». Cet espace a en effet été progressivement façonné par les pouvoirs qui l?ont dominé, aussi bien à l?aide d?acteurs (gouverneurs, délégués militaires ou civils) que de territoires (cités, ports, arsenaux). Quoique le choix d?une administration propre intégrant ses deux rives ait été l?exception, les constructions impériales qui se sont succédé en Extrême Occident ont porté une attention particulière à cet espace de limites, conceptualisé autant comme charnière que comme frontière. Ce deuxième ouvrage collectif issu des travaux de l?ANR DÉTROIT questionne ainsi le rôle du Détroit dans la construction des empires dans la longue durée, de la domination punique jusqu?à la chute de Grenade. El Estrecho de Gibraltar fue progresivamente moldeado por las potencias que lo dominaban, tanto a través de actores (gobernantes, delegados militares o civiles) como de territorios (ciudades, puertos, arsenales). Aunque la elección de una administración propia que integrara sus dos orillas fue algo excepcional, este segundo volumen de la serie DETROIT cuestiona el papel de este espacio en la construcción de los imperios a largo plazo, desde la dominación púnica hasta la caída de Granada. 517 $aDÃtroit de Gibraltar 517 $aDétroit de Gibraltar 517 $aDétroit de Gibraltar 517 $aDétroit de Gibraltar 517 $aLe détroit de Gibraltar 606 $aHistory 606 $aGibraltar 606 $aIslam médiéval 606 $aMéditerranée 606 $aMaghreb 606 $aEmpire romain 606 $aRome 606 $aIslam medieval 606 $aMediterráneo 606 $aMagreb 606 $aImperio Romano 606 $aRoma 610 $aGibraltar 610 $aIslam médiéval 610 $aMéditerranée 610 $aMaghreb 610 $aEmpire romain 610 $aRome 615 4$aHistory 615 4$aGibraltar 615 4$aIslam médiéval 615 4$aMéditerranée 615 4$aMaghreb 615 4$aEmpire romain 615 4$aRome 615 4$aIslam medieval 615 4$aMediterráneo 615 4$aMagreb 615 4$aImperio Romano 615 4$aRoma 700 $aBalch$b Erwan Le$01331547 701 $aBaloup$b Daniel$0622727 701 $aBernard$b Gwladys$01307888 701 $aCallegarin$b Laurent$01302099 701 $aChérif$b Mohamed$01324389 701 $aChristol$b Michel$0223421 701 $aCressier$b Patrice$0657349 701 $aGhouirgate$b Mehdi$01282455 701 $aGozalbes Cravioto$b Enrique$01331548 701 $aLefebvre$b Sabine$0260088 701 $aMartínez Núñez$b María Antonia$01331549 701 $aMontel$b Aurélien$01331550 701 $aPanzram$b Sabine$0265976 701 $aPicard$b Christophe$0156815 701 $aPons Pujol$b Lluís$01331551 701 $aRougier$b Hélène$01331552 701 $aRoux$b Patrick Le$01286541 701 $aTorremocha Silva$b Antonio$01331553 701 $aBernard$b Gwladys$01307888 701 $aMontel$b Aurélien$01331550 801 0$bFR-FrMaCLE 906 $aBOOK 912 $a9910574880403321 996 $aLe détroit de Gibraltar (Antiquité - Moyen Âge). II$93040428 997 $aUNINA LEADER 01434nam 2200421 450 001 9910158631603321 005 20180728101822.0 010 $a1-5026-2280-7 035 $a(CKB)3710000001010169 035 $a(MiAaPQ)EBC5404799 035 $a(EXLCZ)993710000001010169 100 $a20180623d2017 uy 0 101 0 $aeng 135 $aurcnu|||||||| 181 $ctxt$2rdacontent 182 $cc$2rdamedia 183 $acr$2rdacarrier 200 10$aSet design and prop making /$fBethany Bryan 210 1$aNew York :$cCavendish Square,$d2017. 215 $a1 online resource (68 pages) 225 1 $aExploring theater 311 $a1-5026-2279-3 320 $aIncludes bibliographical references and index. 327 $aThe right stuff -- Teamwork and theater -- Performance ready -- When things fall apart -- Entering the world stage. 410 0$aExploring theater. 606 $aTheaters$xStage-setting and scenery$xVocational guidance 606 $aStage props$xDesign and construction$xVocational guidance 615 0$aTheaters$xStage-setting and scenery$xVocational guidance. 615 0$aStage props$xDesign and construction$xVocational guidance. 676 $a792.02/5 700 $aBryan$b Bethany$01249882 801 0$bMiAaPQ 801 1$bMiAaPQ 801 2$bMiAaPQ 906 $aBOOK 912 $a9910158631603321 996 $aSet design and prop making$92896211 997 $aUNINA